000 00316nam a2200133Ia 4500
005 20260328104327.0
008 260328s9999||||xx |||||||||||||| ||und||
100 _aBraga, Milton
245 0 _aO Concurso de Brasília /
_cMilton Braga
260 _bCosac Naify
300 _a287 p.
650 _aBRAZIL
942 _cBK
999 _c11577
_d11577